Представление документа в формате RUSMARC

ПолеНазваниеЗначение
  Тип записи c
  Библиографический уровень m
001 Контрольный номер UONB/MAIN/421405734fe1441e99058a27bdb04a1c
005 Дата корректировки 20251205110436.7
010 Индекс ISBN __
d Цена 50 к.
9 Тираж 10000 экз.
071 Издательские номер (звукозапись и ноты) 21
a Номер, присвоенный агентством 2964
100 Данные общей обработки __
a Данные общей обработки 20220513b1983 m##y0rusy0189 ca
101 Язык документа 0_
a Язык текста rus
f Язык титульного листа rus
102 Страна публикации __
a Страна публикации RU
125 Кодированные данные звукозаписи и нотных изданий __
a Форма изложения нотного текста a
128 Кодированные данные (звукозаписи-физические характеристики) __
a Кодированные данные: Музыкальная форма и тональность или лад ai
c Инструменты или голоса, рекомендуемые для солистов (устаревшее) vu
200 Заглавие и сведения об ответственности 1_
a Заглавие Вып. 98
f Первые сведения об ответственности сост. В. Бугринов
e Сведения, относящиеся к заглавию попул. песни и пьесы в перелож. для вокально-инструм. ансамбля
208 Область специфических сведений: ноты __
a Форма изложения нотного текста Партитура
210 Выходные данные 1_
d Дата издания 1983
215 Физическое описание __
d Формат 22 см
a Объем 55 с. включ. обл.
327 Примечание о содержании 11
a Примечание о содержании Содерж. : Портнов Г. Небо и земля / сл. Г. Горбовского. - Урбас В. Берег встреч / сл. Ю. Погорельского. - Дубравин Я. Давай забудем прошлое / сл. Н. Просторовой. - Бугринов В. Парус. - Васильев Ю. Вечер.
461 Уровень набора _0
1 2001
a Поем и танцуем
b Ноты
v Вып. 98
1 2101
a Л.
c Музыка
d 1965 -
1 001UONB/MAIN/4fde9fb1b77a4474bcd01598adf6aca3
464 Аналитический уровень _0
1 700 1
a Дубравин
b Я.
1 2001
a Давай забудем прошлое
e Прошу тебя, не помни прошлое...
1 702 1
a Просторова
b Н.
4 520
464 Аналитический уровень _0
1 700 1
b Портнов
a Г.
1 2001
a Небо и земля
e Звездные поля, хлебные поля...
1 702 1
a Горбовский
b Г.
4 520
464 Аналитический уровень _0
1 700 1
a Бугринов
b В.
1 2001
a Парус
464 Аналитический уровень _0
1 700 1
a Васильев
b Ю.
1 2001
a Вечер
464 Аналитический уровень _0
1 700 1
a Урбас
b В.
1 2001
a Берег встреч
e Берег встреч...
1 702 1
a Погорельский
b Ю.
4 520
512 Заглавие обложки 1_
a Заглавие обложки Поем и танцуем
606 Тематические рубрики 0_
a Основная рубрика Вокально-инструментальные ансамбли
x Основная подрубрика Песни советских композиторов
x Основная подрубрика Лирические песни
x Основная подрубрика Эстрадные песни советских композиторов
610 Ключевые слова 0_
a Ключевые слова эстрадные песни; танцевальная музыка; лирические песни; песни советских композиторов; вокально-инструментальные ансамбли
686 Индексы других классификаций __
2 Код системы rubbk
a Классификационный индекс 85.942.8-094(2)я43П
702 Вторичная интеллектуальная ответственность _1
a Фамилия Бугринов
b Имя (инициалы) В.
4 Код отношения 220
801 Источник записи _0
a Страна RU
b Организация Ульяновская ОНБ
c Дата составления 20220513
g Правила каталогизации RCR
801 Источник записи _1
a Страна RU
b Организация Ульяновская ОНБ
c Дата составления 20220513
g Правила каталогизации RCR
901 Тип документа __
t Тип документа n
w Контрольный № источника UONB/MAIN/4fde9fb1b77a4474bcd01598adf6aca3
909 Создатель записи __
a Создатель записи Никитина Т. А.